000 01143cab a2200205 4500
001 ##L132235
008 060120n2006 000 0 eng u
035 _a(Sirsi) u132235
041 0 _aeng
100 1 _aTaylor, Jessica
245 0 0 _aOut with the old...
260 _c2006
490 0 _aRICS Building Surveying Faculty: The Journal
_vJanuary / February 2006, 4(1)
520 _aFirst of a three-part series examining the changes to the JCT suite of contracts. This article discusses the wording and content of the contracts. Supplements are now integrated within the contracts and statutory material has been removed. Some definitions have disappeared, whilst others have been introduced or changed. Collateral warranties are now included in all main contracts. Other changes affect the contractor's design submission procedure, and loss and expense and extension of time.
590 _aIKA310106
650 2 4 _aJCT STANDARD BUILDING CONTRACT (2005 EDITION)
651 4 _aUnited Kingdom
_y
690 _aBUILT ENVIRONMENT-BUILDING CONTRACT FORMS-STANDARD FORMS OF BUILDING CONTRACT-JOINT CONTRACTS TRIBUNAL CONTRACTS
942 _n0
999 _c76366
_d76366